000 00798cam a2200277 4500
001 ##B2268
008 090401t1988 xxu||||| |||| 00| 0 eng d
035 _a(Sirsi) u49031
041 0 _aeng
050 0 4 _a333.335 $2 18
090 _aRICS 1988/59 A
110 2 _aRoyal Institution of Chartered Surveyors
_bLand Agency and Agriculture Division
_91449
245 0 4 _aThe members' conference
_b13-15 October 1988
_bMetropole Hotel, National Exhibition Centre, Birmingham
260 _c1988
300 _a5
_fpapers
_c30cm.
650 _aANNUAL CONFERENCE 1988
650 _aFARMING
650 _aMANAGEMENT
700 1 _aColburn, O. H.
700 1 _aDay, P. J.
700 1 _aPridmore, J. T.
700 1 _aStansfield, J. M.
700 1 _aWright, A.
942 _n0
948 _c04/03/1997
999 _c92471
_d92471